00703nam a2200241 a 4500001001300000003000900013005001700022008004100039020001000080082002100090100002100111245001700132260005400149300000800203500003500211505001000246650003200256700002100288902000800309942000700317952012200324999001500446nice12345678IN_TiNIC20260116012433.0050524s1927 hyda grp 000 0 urd  ac10000a891.4391092bALI aAli, Mohd Sardar aHayat--kaifi aHyderabad bMarkazi Anjuman Taleemus Salat c1927 a16p aincludes index and biblioraphy2 aIndex aUrdu-Poetry-kaifi-biography1 aAli, Mohd Sardar bSRS cBK 001040708StackRoom-aHMIbHMId2007-05-31g100.00l0o891.4391092 ALIp013465r2007-05-31v100.00w2005-05-24yBK c7024d7024